000 00970nam a2200265 a 4500
005 20180104140516.0
008 070813r20072004enk 000 0 eng
010 _aB-370154-165
020 _a9780198064640
_c298.75
035 _aB-370154-165
037 _bImpulse
040 _adpl
_bEnglish
082 _a488
100 _aSoanes, Catherine
245 _aOxford A-Z of spelling /
_cby Catherine Soanes [and] Sheila Ferguson
260 _aNew Delhi
_bOxford University Press
_c2010(repr.)
270 _aYMCA Library Building, Jai Singh Road,
_bNew Delhi
_e110001
300 _axiv, 140 p.
_c18 cm(Hb)
500 _aThis book published in 4 vol. and set price is 1195.00
650 _aEnglish language
_xOrthography and spelling
_vDictionaries.
650 _aSpellers.
700 _aFerguson, Sheila
942 _2ddc
_cCH
_h488
_mSOA
999 _c32466
_d32466